| 000 | 00709nam a2200241 a 4500 | ||
|---|---|---|---|
| 001 | 000022904 | ||
| 005 | 20200930021851.0 | ||
| 008 | 101122s1986 sp 000 p spa d | ||
| 020 | _a8475360181 | ||
| 040 |
_aDO-SdBNP _bspa _cBNPHU |
||
| 082 |
_a811.3 _bP743p, 1986 |
||
| 100 | 1 |
_aPoe, Edgar Allan, _d1809-1849 _99903 |
|
| 245 | 1 | 0 |
_aPoesía completa / _cEdgar Allan Poe ; traducción de Arturo Sánchez. |
| 250 | _a8a ed. | ||
| 260 |
_aBarcelona : _b29, _c1986. |
||
| 490 | 1 | _aLibros rio nuevo | |
| 650 | 4 |
_aPoesía estadounidense _96278 |
|
| 650 | 4 |
_aLiteratura estadounidense _9263 |
|
| 700 | 1 |
_aSánchez, Arturo, _etr. _947077 |
|
| 830 | 0 |
_aLibros rio nuevo _947078 |
|
| 910 | _aWM | ||
| 049 | _aBNGR | ||
| 999 |
_c22401 _d22401 |
||